000 01237ctm a22002771i 4500
003 OSt
005 20250520093841.0
008 250512s2009 su f m 00000 ara c
020 _a9789960039244
040 _aSA-JeALM
_bara
_cSA-RiAUC
_dSA-MaUQU
_erda
082 0 4 _a810.9
_qSA-RiAUC
090 _a810.9
_b ح ا ر
100 1 _aالحارثي، علي بن محمد بن عبد المحسن
_eمؤلف.
245 1 2 _aالبيت المتفرد في النقد العربي القديم /
_cإعداد علي بن محمد بن عبد المحسن الحارثي.
250 _aالطبعة الاولى.
264 1 _aمكة المكرمة :
_bجامعة ام القرى . معهد البحوث العلمية واحياء التراث الاسلامي.
_c2009
300 _a542 صفحة ؛
_c24 سم.
336 _aنص
_btxt
_2rdacontent
_3كتاب
337 _aبدون وسيط
_bn
_2rdamedia
338 _aمجلد
_bnc
_2rdacarrier
490 0 _aسلسلة الرسائل العلمية الموصى بطبعها
502 _bدكتوراه
_cجامعة أم القرى
_d1421 هجري.
650 7 _aالأدب العربي
_xتاريخ ونقد
_2aucsh
942 _2ddc
_cBOOK
_n0
949 _aSA-JeALM
_d250512
_uosman123
_n1
999 _c8153
_d8153